| 000 | 02154cam0 2200481 ib4500 | ||
|---|---|---|---|
| 001 | BY-HR0000-br87592860 | ||
| 005 | 20250813095426.0 | ||
| 010 |
^a978-985-451-273-0 ^bу пераплёце ^d3р.29к. |
||
| 035 | ^a(BY-MI0006)BY-HR0000-br87592860 | ||
| 035 | ^a(BY-MI0016)BY-MI0016-br67751 | ||
| 100 | ^a20120808d2012 a y0bely50 ca | ||
| 101 | 0 | ^abel | |
| 102 | ^aBY | ||
| 105 | ^ay z 000oy | ||
| 109 | ^ama | ||
| 200 | 1 | ^aБеларускія казкі | |
| 210 |
^aМінск ^cParadox ^d2012 |
||
| 215 |
^a399 с. ^d21 см |
||
| 225 | 1 | ^aЧароўны пярсцёнак | |
| 327 | 0 | ^aЗмест: Раздзелы: З крыніц народнай мудрасці ; Казкі беларускіх пісьменнікаў | |
| 345 | ^93275 экз. | ||
| 606 | 0 |
^aКАЗКІ ^3BY-NLB-ar2690407 ^2DVNLB |
|
| 606 | 0 |
^aСКАЗКИ ^3BY-NLB-ar2690406 ^2DVNLB |
|
| 606 | 0 |
^aНАРОДНЫЯ КАЗКІ ^3BY-NLB-ar2668452 ^2DVNLB |
|
| 606 | 0 |
^aНАРОДНЫЕ СКАЗКИ ^3BY-NLB-ar2668451 ^2DVNLB |
|
| 606 | 0 |
^aБЕЛАРУСКАЯ ЛІТАРАТУРА ^3BY-NLB-ar3724 ^2DVNLB |
|
| 606 | 0 |
^aБЕЛОРУССКАЯ ЛИТЕРАТУРА ^3BY-NLB-ar3723 ^2DVNLB |
|
| 606 | 0 |
^aДЗІЦЯЧАЯ І ЮНАЦКАЯ ЛІТАРАТУРА ^3BY-NLB-ar2691729 ^2DVNLB |
|
| 606 | 0 |
^aДЕТСКАЯ И ЮНОШЕСКАЯ ЛИТЕРАТУРА ^3BY-NLB-ar2691728 ^2DVNLB |
|
| 608 |
^aДЗІЦЯЧАЯ І ЮНАЦКАЯ ЛІТАРАТУРА (мастацкі твор) ^3BY-NLB-ar9020 ^2BYGNR |
||
| 608 |
^aДЕТСКАЯ И ЮНОШЕСКАЯ ЛИТЕРАТУРА (художеств. произведение) ^3BY-NLB-ar9019 ^2BYGNR |
||
| 608 |
^aНАРОДНАЯ КАЗКА ^3BY-NLB-ar19673 ^2BYGNR |
||
| 608 |
^aНАРОДНАЯ СКАЗКА ^3BY-NLB-ar19672 ^2BYGNR |
||
| 608 |
^aКАЗКА ^3BY-NLB-ar30343 ^2BYGNR |
||
| 608 |
^aСКАЗКА ^3BY-NLB-ar30342 ^2BYGNR |
||
| 686 |
^a84(4Беи)6-4 ^2rubbk |
||
| 690 |
^a1 ^2Base ^9BY-MI0006 ^xRSEK |
||
| 801 | 0 |
^aBY ^bBY-HR0000 ^c20120808 ^gpsbo |
|
| 801 | 2 |
^aBY ^bBY-MI0006 ^c20250813 ^gRCR |
|
| 899 | 0 |
^aBY-MI0006 ^iБ43 ^h84(4Беи)6 |
|